| 000 | 00328nam a2200121Ia 4500 | ||
|---|---|---|---|
| 008 | 210430s9999 xx 000 0 und d | ||
| 082 | _a509.22 M941 M | ||
| 100 |
_aDr. Samar Mubarakmand _954406 |
||
| 245 |
_aMeet the Scientist _cDr. Samar Mubarakmand |
||
| 260 |
_aNUST _bNI, HI, SI _c2012 |
||
| 300 | _a16 P | ||
| 942 |
_cREF _2ddc |
||
| 999 |
_c564985 _d564985 |
||